书目信息 |
| 题名: |
当代西方产业组织学
|
|
| 作者: | 于立 编 | |
| 分册: | ||
| 出版信息: | 大连 东北财经大学出版社 1996.12 |
|
| 页数: | 269页 | |
| 开本: | 20cm | |
| 丛书名: | ||
| 单 册: | ||
| 中图分类: | F014.6 | |
| 科图分类: | ||
| 主题词: | 政治经济学--概论 | |
| 电子资源: | ||
| ISBN: | 7-81044-227-9 | |
| 000 | 00537nam0 2200193 450 | |
| 001 | 0861287534 | |
| 005 | 20081027170308.03 | |
| 010 | @a7-81044-227-9@dCNY14.00 | |
| 100 | @a20081027d1996 km y0chiy0120 ea | |
| 101 | 0 | @achi |
| 102 | @aCN | |
| 200 | 1 | @a当代西方产业组织学@Adang dai xi fang chan ye zu zhi xue@f于立等编@Fyu li deng bian |
| 210 | @a大连@c东北财经大学出版社@d1996.12 | |
| 215 | @a269页@d20cm | |
| 606 | 0 | @a政治经济学@x概论 |
| 690 | @aF014.6@v4 | |
| 701 | 0 | @a于立@Ayu li@4编 |
| 801 | 0 | @aCN@c20081027 |
| 905 | @dF014.6@eY717 | |
| 当代西方产业组织学/于立等编.-大连:东北财经大学出版社,1996.12 |
| 269页;20cm |
| ISBN 7-81044-227-9:CNY14.00 |
| ● |
| 相关链接 |
|
|
|
正题名:当代西方产业组织学
索取号:F014.6/Y717
 
预约/预借
| 序号 | 登录号 | 条形码 | 馆藏地/架位号 | 状态 | 备注 |
| 1 | 801879 | 208018795 | 社科库409/409社科库 62排3列4层/ [索取号:F014.6/Y717] | 在馆 |